Ley general tributaria : [Ley 58/2003, de 17 de diciembre] [Ley 58/2003, de 17 de diciembre]
Descripción Física:
140 p. ; 24 cm
MARC
| LEADER | 00000nam a2200000Ia 4500 | ||
|---|---|---|---|
| 001 | 16089 | ||
| 008 | 160829s9999 xx 000 0 cat d | ||
| 080 | |a D-3-30 | ||
| 110 | 1 | |a Espanya. |t Ley 58/2003, de 17 de diciembre, General Tributaria |9 52957 | |
| 245 | |a Ley general tributaria : |b [Ley 58/2003, de 17 de diciembre] | ||
| 260 | |a Cizur Menor : |b Thomson Aranzadi, cop. 2004 | ||
| 300 | |a 140 p. ; |c 24 cm | ||
| 650 | 0 | |a Dret fiscal |z Espanya |9 18737 | |
| 650 | |a Legislació |x Espanya |9 37370 | ||
| 650 | |a Espanya. Ley General Tributaria (2003) | ||
| 901 | |a Arxiu | ||
| 942 | |n 1 | ||
| 952 | |0 1 |1 0 |2 udc |4 0 |5 2 |6 D330 |7 1 |9 47828 |a Arxiu |b Arxiu |d 2016-12-01 |l 0 |o D-3-30 |p 16089 |r 2016-12-01 00:00:00 |w 2016-12-01 |y ARXIU | ||
| 999 | |c 51627 |d 51627 | ||